A particular account of the European military adventures of Hindustan, from 1784 to 1803, (Record no. 69354)
[ view plain ]
| 000 -LEADER | |
|---|---|
| fixed length control field | 00910cam a2200265u 4500 |
| 001 - CONTROL NUMBER | |
| control field | 7263442 |
| 003 - CONTROL NUMBER IDENTIFIER | |
| control field | NUST - PNEC |
| 005 - DATE AND TIME OF LATEST TRANSACTION | |
| control field | 20170116181116.0 |
| 008 - FIXED-LENGTH DATA ELEMENTS--GENERAL INFORMATION | |
| fixed length control field | 860205s1893 enkabcf a 000 0 eng |
| 010 ## - LIBRARY OF CONGRESS CONTROL NUMBER | |
| LC control number | 04011259 |
| 040 ## - CATALOGING SOURCE | |
| Original cataloging agency | DLC |
| Transcribing agency | LIBRARY |
| Modifying agency | DLC |
| 043 ## - GEOGRAPHIC AREA CODE | |
| Geographic area code | a-ii--- |
| 050 10 - LIBRARY OF CONGRESS CALL NUMBER | |
| Classification number | DS464 |
| Item number | .C7 |
| 050 00 - LIBRARY OF CONGRESS CALL NUMBER | |
| Classification number | Microfilm 9449 DS |
| 082 ## - DEWEY DECIMAL CLASSIFICATION NUMBER | |
| Classification number | 954.031 COM |
| 100 1# - MAIN ENTRY--PERSONAL NAME | |
| Personal name | Compton, Herbert, |
| Dates associated with a name | 1853-1906, |
| Relator term | comp. |
| 245 02 - TITLE STATEMENT | |
| Title | A particular account of the European military adventures of Hindustan, from 1784 to 1803, |
| 260 ## - PUBLICATION, DISTRIBUTION, ETC. | |
| Place of publication, distribution, etc. | London, |
| Name of publisher, distributor, etc. | T.F. Unwin, |
| Date of publication, distribution, etc. | 1893. |
| 300 ## - PHYSICAL DESCRIPTION | |
| Extent | 419, [1] p. |
| Other physical details | front. (fold. map) illus., plates, ports. |
| Dimensions | 22 cm. |
| 583 ## - ACTION NOTE | |
| Action | Replace; |
| Public note | LC copy replaced by preservation microfilm |
| Institution to which field applies | DLC |
| 650 ## - SUBJECT ADDED ENTRY--TOPICAL TERM | |
| 9 (RLIN) | 13251 |
| Topical term following geographic name entry element | European history |
| General subdivision | General books |
| 651 #0 - SUBJECT ADDED ENTRY--GEOGRAPHIC NAME | |
| Geographic name | India |
| General subdivision | History |
| Chronological subdivision | British occupation, 1765-1947. |
| 906 ## - LOCAL DATA ELEMENT F, LDF (RLIN) | |
| a | 0 |
| b | cbc |
| c | premunv |
| d | u |
| e | ncip |
| f | 19 |
| g | y-gencatlg |
| 942 ## - ADDED ENTRY ELEMENTS (KOHA) | |
| Source of classification or shelving scheme | |
| Koha item type | Book |
| Withdrawn status | Lost status | Source of classification or shelving scheme | Damaged status | Not for loan | Permanent Location | Current Location | Shelving location | Date acquired | Total Checkouts | Full call number | Barcode | Date last seen | Price effective from | Koha item type |
|---|---|---|---|---|---|---|---|---|---|---|---|---|---|---|
| Pakistan Navy Engineering College (PNEC) | Pakistan Navy Engineering College (PNEC) | 954.031 COM | PNECLIB-006300 | 10/04/2015 | Book |
